US States on Water Quiz Stats

 Plays Quiz Updated Jan 24, 2014

Support Sporcle.
Go Orange.
Score 0/32 Timer 02:00
8 Plays Today
% Correct
Florida
96.4%
Florida
96.4%
New York
95.1%
New York
95.1%
California
94%
Maine
92.1%
Washington
91.9%
North Carolina
90.6%
Oregon
90.5%
South Carolina
90.4%
Georgia
87.4%
Michigan
86.4%
Texas
84.3%
New Jersey
82.8%
Virginia
82%
Alaska
81.3%
% Correct
Hawaii
80.2%
Rhode Island
80%
Maryland
79.8%
Louisiana
79.1%
Delaware
79%
Alabama
79%
Massachusetts
78.2%
Ohio
76.5%
Mississippi
75.2%
Connecticut
75%
Illinois
74.1%
Wisconsin
72.8%
Pennsylvania
71.1%
New Hampshire
69.1%
Minnesota
67.1%
Indiana
67%

You're not logged in!

Compare scores with friends on all Sporcle quizzes.
OR
Log In

From the Vault

Mambo No. 5 Girls

by Dyanna

Ladies and gentlemen, this is Mambo #5.
Remove Ads.
Support Sporcle.
Get the best of Sporcle when you Go Orange. This ad-free experience offers more features, more stats, and more fun while also helping to support Sporcle. Thank you for becoming a member.

Show Comments

Extras

Top Quizzes Today


Score Distribution

Your Account Isn't Verified!

In order to create a playlist on Sporcle, you need to verify the email address you used during registration. Go to your Sporcle Settings to finish the process.

Report this User

Report this user for behavior that violates our Community Guidelines.

Details: